00341nam a2200145Ia 4500008004100000041000800041082000800049100001200057245003300069250001100102260003300113300000800146650002200154999001900176230901s2007 xx 000 0 und d aeng a610 aBHUSHAN aAN INTRODUCTION TO SOCIOLOGY a2nd ed aU.KbHODDER ARNOLD U.Kc2007 a538 aMEDICAL. SURGICAL c867974d867974